000 00823nam a22002415i 4500
001 166905
003 ES-MaACL
005 20231223063114.0
008 000720q1878 sp |||| | spa d
080 _a821.134.2-32"18"
100 1 _aValera, Juan,
_d1824-1905
_9112638
245 1 0 _aPasarse de listo :
_bnovela original : [El pájaro verde y Parsondes] /
_cJuan Valera.
246 3 _aParsondes
260 _aMadrid ;
_aParís :
_bBiblioteca Perojo,
_c[ca. 1878]
300 _a308 p. ;
_c21 cm.
530 _aDisponible en formato digital.
740 3 2 _aEl pájaro verde.
752 _aEspaña -
_dMadrid
752 _aFrancia -
_dParís
852 _aES-MaACL
_jD-2482
_z- Enc. hol.
856 _uhttp://bdh-rd.bne.es/viewer.vm?id=0000231689&page=1
_zBiblioteca Digital Hispánica
999 _c166905
_d166905